000 00801nam a2200205Ii 4500
003 JO-AjNU
008 230605s9999||||xx |||||||||||||| ||und||
040 _aJO-AjNU
_bara
_erda
_cJO-AjNU
041 _aara
050 1 4 _aBP135.66 2005
100 3 _aالدهلوي،عبد الحق ، تقديم: سلمان الحسيني الندوي ، اخراج: سيد عبد الماجد الغوري,
_eauthor
_916806
245 0 0 _aمقدمة في أصول الحديث
250 _aط1
264 3 1 _aدمشق، بيروت: دار ابن كثير للطباعة والنشر والتوزيع، 2005
300 _a120ص
336 _atext
_btxt
_2rdacontent
337 _aunmediated
_bn
_2rdamedia
338 _avolume
_bnc
_2rdacarrier
650 4 _aالفقه الاسلامي- اصول الحديث
_916807
999 _aA5063
_c8631
_d8631